<?xml version="1.0" encoding="UTF-8"?><?xml-stylesheet type="text/xsl" href="static/style.xsl"?><OAI-PMH xmlns="http://www.openarchives.org/OAI/2.0/" xmlns:xsi="http://www.w3.org/2001/XMLSchema-instance" xsi:schemaLocation="http://www.openarchives.org/OAI/2.0/ http://www.openarchives.org/OAI/2.0/OAI-PMH.xsd"><responseDate>2026-06-07T04:54:25Z</responseDate><request verb="GetRecord" identifier="oai:riuma.uma.es:10630/31060" metadataPrefix="marc">https://riuma.uma.es/rest/oai/request</request><GetRecord><record><header><identifier>oai:riuma.uma.es:10630/31060</identifier><datestamp>2026-02-03T11:15:09Z</datestamp><setSpec>com_10630_2254</setSpec><setSpec>col_10630_37953</setSpec></header><metadata><record xmlns="http://www.loc.gov/MARC21/slim" xmlns:dcterms="http://purl.org/dc/terms/" xmlns:doc="http://www.lyncode.com/xoai" xmlns:xsi="http://www.w3.org/2001/XMLSchema-instance" xsi:schemaLocation="http://www.loc.gov/MARC21/slim http://www.loc.gov/standards/marcxml/schema/MARC21slim.xsd">
   <leader>00925njm 22002777a 4500</leader>
   <datafield ind2=" " ind1=" " tag="042">
      <subfield code="a">dc</subfield>
   </datafield>
   <datafield ind2=" " ind1=" " tag="720">
      <subfield code="a">Valdivieso-Vera, Daniel Alejandro</subfield>
      <subfield code="e">author</subfield>
   </datafield>
   <datafield ind2=" " ind1=" " tag="720">
      <subfield code="a">Flores-Escamilla, Gerardo Antonio</subfield>
      <subfield code="e">author</subfield>
   </datafield>
   <datafield ind2=" " ind1=" " tag="720">
      <subfield code="a">Cano-Gómez, José Julián</subfield>
      <subfield code="e">author</subfield>
   </datafield>
   <datafield ind2=" " ind1=" " tag="720">
      <subfield code="a">Barroso-Martín, Isabel</subfield>
      <subfield code="e">author</subfield>
   </datafield>
   <datafield ind2=" " ind1=" " tag="720">
      <subfield code="a">Rodríguez-Castellón, Enrique</subfield>
      <subfield code="e">author</subfield>
   </datafield>
   <datafield ind2=" " ind1=" " tag="720">
      <subfield code="a">Santos-López, Iván Alonso</subfield>
      <subfield code="e">author</subfield>
   </datafield>
   <datafield ind2=" " ind1=" " tag="720">
      <subfield code="a">Guerrero-Pérez, María Olga</subfield>
      <subfield code="e">author</subfield>
   </datafield>
   <datafield ind2=" " ind1=" " tag="260">
      <subfield code="c">2024</subfield>
   </datafield>
   <datafield ind2=" " ind1=" " tag="520">
      <subfield code="a">The present study optimizes Cu-supported catalysts on hydrotalcite for the synthesis of n-butanol whose interest&#xd;
is in its use as biofuel, due to its superior performance in comparison with other short-chain alcohols. The&#xd;
catalytic performance was improved by adding Nb to the catalytic formulation. In this way, several Cu-Nb&#xd;
catalysts supported on hydrotalcites (Mg/Al) with different Nb loadings were synthesized by incipient wetness&#xd;
impregnation and characterized by H2 temperature-programmed reduction, X-ray diffraction, N2 physisorption,&#xd;
CO2 and NH3 thermo-programmed desorption and X-ray photoelectron spectroscopy. It was shown that the&#xd;
incorporation of Nb promoted a suitable balance between the acid-basic and redox sites, modulating the Cu0/Cu+&#xd;
dehydrogenation/hydrogenation properties for the n-BuOH production. The synthesis of multiple value-added&#xd;
products (n-BuOH, acetaldehyde, ethyl acetate, and 1-hexanol) was achieved in both the liquid (at 180 ºC)&#xd;
and gas phase (150 350 ºC), where it was demonstrated that both the n-BuOH selectivity and ethanol con-&#xd;
version improved with the Nb addition. The performance of the catalysts under time on stream and their&#xd;
recycling is also described.</subfield>
   </datafield>
   <datafield ind1="8" ind2=" " tag="024">
      <subfield code="a">Valdivieso-Vera, D. A., Flores-Escamilla, G. A., Cano-Gómez, J. J., Barroso-Martín, I., Rodríguez-Castellón, E., Santos-López, I. A., &amp; Guerrero-Pérez, M. O. (2024). Effect of Nb as dopant of hydrotalcite catalysts during the ethanol condensation to optimize n-Butanol production. Catalysis Today, 433.</subfield>
   </datafield>
   <datafield ind1="8" ind2=" " tag="024">
      <subfield code="a">https://hdl.handle.net/10630/31060</subfield>
   </datafield>
   <datafield ind1="8" ind2=" " tag="024">
      <subfield code="a">https://doi.org/10.1016/j.cattod.2024.114658</subfield>
   </datafield>
   <datafield tag="653" ind2=" " ind1=" ">
      <subfield code="a">Catálisis</subfield>
   </datafield>
   <datafield tag="653" ind2=" " ind1=" ">
      <subfield code="a">Catalizadores</subfield>
   </datafield>
   <datafield ind2="0" ind1="0" tag="245">
      <subfield code="a">Effect of Nb as dopant of hydrotalcite catalysts during the ethanol condensation to optimize n-Butanol production</subfield>
   </datafield>
</record>
</metadata></record></GetRecord></OAI-PMH>